| 000 | 00587nam a22001817a 4500 | ||
|---|---|---|---|
| 999 |
_c14982 _d14982 |
||
| 003 | OSt | ||
| 082 | _2631.56 ANE/DE | ||
| 088 | _aP 205 | ||
| 100 |
_aANEESHYA KAMAL K.S _aG.K KRISHNANUNNI _93795 |
||
| 245 | _aDevelopment of pepper harvester | ||
| 260 |
_aTavanur 2009 _bDepartment of Post-Harvest Technology and Agricultural Processing |
||
| 300 | _a52 | ||
| 500 | _aDevelopment of pepper harvester | ||
| 520 | _aDevelopment of pepper harvester | ||
| 700 |
_aDr. V Ganesan (Guide) _93423 |
||
| 856 | _uhttps://drive.google.com/open?id=1eZDBdtKeoOEi_yc2tFFvJUFvzXMutfnU | ||
| 942 | _cPR | ||